STUDY OF BASED FARMING SYTEMES IN POURSAT PROVINCE ,សិក្សាលក្ខណៈគ្រុឹះប្រព័ន្ធកសិក្ម្ខេត្តពោធិីសាត់ (Record no. 190)
[ view plain ]
| 000 -LEADER | |
|---|---|
| fixed length control field | 00566nam a22001577a 4500 |
| 003 - CONTROL NUMBER IDENTIFIER | |
| control field | OSt |
| 005 - DATE AND TIME OF LATEST TRANSACTION | |
| control field | 20150910102457.0 |
| 008 - FIXED-LENGTH DATA ELEMENTS--GENERAL INFORMATION | |
| fixed length control field | 150910b xxu||||| |||| 00| 0 eng d |
| 040 ## - CATALOGING SOURCE | |
| Transcribing agency | RUA |
| 082 ## - DEWEY DECIMAL CLASSIFICATION NUMBER | |
| Classification number | AGR ឡុញ 1995 BOO11 Or.1 |
| 100 ## - MAIN ENTRY--PERSONAL NAME | |
| 9 (RLIN) | 210 |
| Personal name | ឡិញ សុខា |
| 245 ## - TITLE STATEMENT | |
| Title | STUDY OF BASED FARMING SYTEMES IN POURSAT PROVINCE ,សិក្សាលក្ខណៈគ្រុឹះប្រព័ន្ធកសិក្ម្ខេត្តពោធិីសាត់ |
| 260 ## - PUBLICATION, DISTRIBUTION, ETC. (IMPRINT) | |
| Place of publication, distribution, etc. | PHNOMPHEN |
| Name of publisher, distributor, etc. | RUA |
| Date of publication, distribution, etc. | 1995 |
| 300 ## - PHYSICAL DESCRIPTION | |
| Extent | 65P. |
| Other physical details | ILL. |
| Dimensions | 29CM. |
| 942 ## - ADDED ENTRY ELEMENTS (KOHA) | |
| Source of classification or shelving scheme | |
| Koha item type | AGR |
| Price effective from | Date last seen | Permanent Location | Not for loan | Date acquired | Date last checked out | Source of classification or shelving scheme | Total Checkouts | Koha item type | Barcode | Lost status | Damaged status | Withdrawn status | Current Location | Full call number |
|---|---|---|---|---|---|---|---|---|---|---|---|---|---|---|
| 2015-09-10 | 2015-09-10 | Library Block B | 2015-09-10 | AGR | rua004170 | Library Block B | AGR ឡុញ 1995 BOO11 Or.1 | |||||||
| 2015-09-10 | 2015-09-10 | Library Block B | 2015-09-10 | AGR | rua003978 | Library Block B | AGR ឡុញ 1995 BOO11 Or.2 | |||||||
| 2015-09-10 | 2016-11-04 | Library Block B | 2015-09-10 | 2016-10-17 | 1 | AGR | rua003620 | Library Block B | AGR ឡុញ 1995 BOO11 Or.3 | |||||
| 2015-09-10 | 2015-09-10 | Library Block B | 2015-09-10 | AGR | rua003614 | Library Block B | AGR ឡុញ 1995 BOO11 Or.4 | |||||||
| 2015-09-10 | 2015-09-10 | Library Block B | 2015-09-10 | AGR | rua003686 | Library Block B | AGR ឡុញ 1995 BOO11 Or.5 | |||||||
| 2015-09-10 | 2015-09-10 | Library Block B | 2015-09-10 | AGR | rua003615 | Library Block B | AGR ឡុញ 1995 BOO11 Or.6 | |||||||
| 2015-09-10 | 2015-09-10 | Library Block B | 2015-09-10 | AGR | rua003687 | Library Block B | AGR ឡុញ 1995 BOO11 Or.7 | |||||||
| 2015-09-10 | 2015-09-10 | Library Block B | 2015-09-10 | AGR | rua003759 | Library Block B | AGR ឡុញ 1995 BOO11 Or.8 |